| 000 | 00768nam a22002297a 4500 | ||
|---|---|---|---|
| 999 |
_c7206 _d7206 |
||
| 003 | AR-CdUCM | ||
| 008 | 190320b ||||| |||| 00| 0 spa d | ||
| 040 |
_aMUNICIPALIDAD PROVINCIAL DEL CUSCO _cBIBLIOTECA MUNICIPAL DEL CUSCO |
||
| 082 |
_a544 / _bD98 |
||
| 100 |
_aDuval, Clément _920310 |
||
| 245 | _aAnálisis Químico Cualitativo / | ||
| 260 |
_aBarcelona : _bOikos-tau, _c1972. |
||
| 300 |
_a124 paginas ; _bilustraciones, _c17 cm. |
||
| 440 |
_a¿ que se ? _n80 _920311 |
||
| 505 | _aContenido: ensayos pirognosticos -- microscopio -- ensayos al toque -- cromatografia -- gases... | ||
| 650 |
_aAnalisis _92730 |
||
| 650 |
_aQuimico _920312 |
||
| 650 |
_aCualitativo _920313 |
||
| 700 |
_aXirau Vayreda, Maria _920314 |
||
| 942 |
_2ddc _cLIBROS |
||
| 945 | _apjha | ||